000
002530000a22001090004500
090
_a
AR
_b
04418
245
1
0
_a
Genus Phragmipedium
041
0
_a
Inglés
100
1
_a
Garay, Leslie A.
_9
98302
942
_c
ARTICULO
773
1
_t
Orch. Dig.
_q
133-151
_d
1979
_g
43
999
_c
13516
_d
13516